1409 1401 1932 1362 1813 1611 1162 1614 1848 1963 1531 1606 1684 1505 1151 1014 1628 1922 1025 1345 1731 1872 1838 1879 1487 1086 1900 1078 1250 1952 1095 1962 1383 1282 1167 1247 1584 1791 1603 1107 1511 1107 1887 1995 1771 1538 1913 1588 1383 1705 1498 1448 1070 1505 1909 1764 1807 1830 1056 1830 1770 1693 1867 1979 1151 1799 1635 1733 1485 1378 1850 1812 1012 1349 1465 1897 1546 1918 1871 1661 1580 1672 1706 1921 1641 1584 1441 1146 1037 1522 1674 1738 1008 1632 1552 1901 1752 1347 1977 BCNSPRNW ULIB Ver.6.0+V

เปลี่ยนเป็นภาษาไทย

Change to English
 แสดงรายละเอียดบรรณานุกรม
  กลับหน้าหลัก

Brief Record : Get Marc (ISO 2709) : E-mail record : QR code < ปิดหน้าต่าง
LEADER : 00000nam 2200000uu 4500
001    13399120081
003     ULIB
008    120829s2555||||th 000 0 tha d
020    ^a9742943206
020    ^a9789742943202
060 04 ^aQS4^bค649ก 2555
245 00 ^aกายวิภาคศาสตร์ /^cคณาจารย์เครือข่ายการศึกษาพยาบาลและการสาธารณสุขภาคใต้ (SC-Net)
250    ^aพิมพ์ครั้งที่ 6
260    ^aนนทบุรี :^bโครงการสวัสดิการวิชาการ สถาบันพระบรมราชชนก,^c2555
300    ^a443 หน้า :^bภาพประกอบ ;^c27 ซม.
650  7 ^aกายวิภาคศาสตร์
700 0  ^aคณาจารย์เครือข่ายการศึกษาพยาบาลและการสาธารณสุขภาคใต้ (SC-Net)
710 2  ^aสถาบันพระบรมราชชนก. ^bโครงการสวัสดิการวิชาการ
945    ^p0^l0^i19306
945    ^p0^l0^i19307
945    ^p0^l0^i19308
945    ^p0^l0^i19309
945    ^p0^l0^i19310
945    ^p0^l0^i19311
945    ^p0^l0^i19312
945    ^p0^l0^i19313
995    ^aกัณชพร
999    ^aใช้งานได้ทุกระบบ
รายการนี้ยังไม่มีแท็ก
คุณยังไม่ได้ล็อกอิน คุณสามารถมีกิจกรรมร่วมกับเว็บไซต์ได้ แต่ต้องล็อกอินก่อน ::
  ล็อกอิน

รายการสื่อสารสนเทศ

ลำดับที่ ประเภท เลขเรียก/บาร์โค้ด สถานที่ สถานะ
1. วิทยาศาสตร์การแพทย์ และสุขภาพ
วิทยาศาสตร์การแพทย์ และสุขภาพ
สถานะ=หนังสือเก่า
QS4 ค649ก 2555  
  Barcode: 19306
ห้องสมุดวิทยาเขตนครสวรรค์
►ส่วนจัดเก็บหนังสือเก่า นว.
บนชั้น
  ขอยืม
2. วิทยาศาสตร์การแพทย์ และสุขภาพ
วิทยาศาสตร์การแพทย์ และสุขภาพ
สถานะ=หนังสือเก่า
QS4 ค649ก 2555 ฉ.2 
  Barcode: 19307
ห้องสมุดวิทยาเขตนครสวรรค์
►ส่วนจัดเก็บหนังสือเก่า นว.
บนชั้น
  ขอยืม
3. วิทยาศาสตร์การแพทย์ และสุขภาพ
วิทยาศาสตร์การแพทย์ และสุขภาพ
สถานะ=หนังสือเก่า
QS4 ค649ก 2555 ฉ.3 
  Barcode: 19308
ห้องสมุดวิทยาเขตนครสวรรค์
►ส่วนจัดเก็บหนังสือเก่า นว.
บนชั้น
  ขอยืม
4. วิทยาศาสตร์การแพทย์ และสุขภาพ
วิทยาศาสตร์การแพทย์ และสุขภาพ
สถานะ=หนังสือเก่า
QS4 ค649ก 2555 ฉ.4 
  Barcode: 19309
ห้องสมุดวิทยาเขตนครสวรรค์
►ส่วนจัดเก็บหนังสือเก่า นว.
บนชั้น
  ขอยืม
5. วิทยาศาสตร์การแพทย์ และสุขภาพ
วิทยาศาสตร์การแพทย์ และสุขภาพ
สถานะ=หนังสือเก่า
QS4 ค649ก 2555 ฉ.5 
  Barcode: 19310
ห้องสมุดวิทยาเขตนครสวรรค์
►ส่วนจัดเก็บหนังสือเก่า นว.
บนชั้น
  ขอยืม
6. วิทยาศาสตร์การแพทย์ และสุขภาพ
วิทยาศาสตร์การแพทย์ และสุขภาพ
สถานะ=หนังสือเก่า
QS4 ค649ก 2555 ฉ.6 
  Barcode: 19311
ห้องสมุดวิทยาเขตนครสวรรค์
►ส่วนจัดเก็บหนังสือเก่า นว.
บนชั้น
  ขอยืม
7. วิทยาศาสตร์การแพทย์ และสุขภาพ
วิทยาศาสตร์การแพทย์ และสุขภาพ
สถานะ=หนังสือเก่า
QS4 ค649ก 2555 ฉ.7 
  Barcode: 19312
ห้องสมุดวิทยาเขตนครสวรรค์
►ส่วนจัดเก็บหนังสือเก่า นว.
บนชั้น
  ขอยืม
8. วิทยาศาสตร์การแพทย์ และสุขภาพ
วิทยาศาสตร์การแพทย์ และสุขภาพ
สถานะ=หนังสือเก่า
QS4 ค649ก 2555 ฉ.8 
  Barcode: 19313
ห้องสมุดวิทยาเขตนครสวรรค์
►ส่วนจัดเก็บหนังสือเก่า นว.
บนชั้น
  ขอยืม

รายการใกล้เคียง
    หัวเรื่อง [กายวิภาคศาสตร์]

BibComment


ยังไม่เคยถูกคอมเมนท์

คอมเมนท์ทรัพยากรรายการนี้
  คอมเมนท์: กายวิภาคศาสตร์ ..


 Copyright 2026. Bcnsprnw @Library